| 000 | 00671nam a2200181 a 4500 | ||
|---|---|---|---|
| 008 | 150825s1995 ||||||||||||||||| || u | ||
| 020 | _a9780133409369 | ||
| 050 | _aQP 34.5 Mar | ||
| 100 | _aMartini, Frederic H | ||
| 245 | 1 | 0 |
_aFundamentals of anatomy and physiology.(3rd ed.) _cby Frederic H. Martini |
| 250 | _a3rd ed. | ||
| 260 |
_aNew Jersey _bPrentice Hall _c1995 |
||
| 300 | _aiv, 663p. :ill. | ||
| 350 | _a118.69 | ||
| 650 | 0 | _aHUMAN PHYSIOLOGY | |
| 650 | 0 | _aHUMAN ANATOMY | |
| 995 |
_aMEDICAL LIBRARY OPEN ACCESS _e903100 _FCBU-SCHOOL OF MEDICINE LIBRARY (Ndola) _I118.69 _jQP 34.5 Mar _M1 _UAVAILABLE _WSep 11, 2015 _y903100 _ZMedical Library Open Access Collection |
||
| 999 |
_c31474 _d31474 |
||